[Event "Untergrombach op 36th"]
[Site "Untergrombach"]
[Date "2019.01.05"]
[Round "5"]
[White "Clauss, Benjamin"]
[Black "Mueller, Erich2222"]
[Result "0-1"]
[WhiteElo "1761"]
[BlackElo "2056"]
[PlyCount "98"]
[EventDate "2019.01.02"]
[EventType "swiss"]
[EventRounds "7"]
[EventCountry "GER"]
[SourceTitle "CBM 188 Extra"]
[Source "ChessBase"]
[SourceDate "2019.02.26"]
[SourceVersion "1"]
[SourceVersionDate "2019.02.26"]
[SourceQuality "1"]

1. e4 d6 2. d4 Nf6 3. Nc3 c6 4. Nf3 Nbd7 5. Bg5 e5 6. Bc4 Be7 7. Bb3 0-0 8. 0-0 a5 9. a4 Re8 10. Qd2 exd4 11. Nxd4 Nc5 12. Rfe1 Nxb3 13. cxb3 Ng4 14. Bxe7 Qxe7 15. Qf4 Qe5 16. Qxe5 dxe5 17. Nf3 Nf6 18. Red1 Be6 19. Nd2 Rad8 20. Nc4 Bxc4 21. bxc4 Rd4 22. b3 Nd7 23. f3 Rd8 24. Ne2 Rxd1+ 25. Rxd1 Kf8 26. Kf2 Ke7 27. Ke3 f6 28. Rd3 Nc5 29. Rxd8 Kxd8 30. Nc1 g6 31. Kd2 Kd7 32. Kc3 Ne6 33. Nd3 c5 34. g3 Kd6 35. f4 Nd4 36. fxe5+ fxe5 37. Nf2 Ke6 38. Ng4 Nf3 39. Kd3 h5 40. Ne3 Nxh2 41. Ke2 g5 42. Kf2 g4 43. Nf5 Nf3 44. Ng7+ Ke7 45. Nf5+ Kd7 46. Ng7 Nd4 47. Nxh5 Ke7 48. Ng7 Kf7 49. Nf5 Nxf5 0-1